00812 a2200157 45000010006000000050017000060080041000230030015000640400040000790800140001192450080002592640041003393000019003805050230003991000025006295942520260407155848.0260407a1974 arg spa dAR-UNSa-BCEJYS aAR-UNSa-BCEJYSbspacAR-UNSa-BCEJYS a338.2(8)xPolítica económica. Control de la economía. gestión de la economía. planificación económica en América Latina10aDependencia, estructura de poder y formación regional en América Latina 1aMéxico :bSiglo XXI Editoresc1974 a262 p.c20 cm. a1. El fenómeno de la dependencia en América Latina y su vinculación con la formación regional – 2. América Latina como sociedad dependiente – 3. Sociedad global y estructura del espacio en cada etapa histórica1 aRofman, Alejandro B.